| 000 | 00503nam a2200181Ia 4500 | ||
|---|---|---|---|
| 008 | 100917s9999 xx 000 0 und d | ||
| 082 | _b34929 | ||
| 100 | _aतरवडे विजय | ||
| 245 | _aरात्र लहान झाली | ||
| 260 |
_bतरवडे विजय _c1978 |
||
| 300 | _a108 | ||
| 365 | _b7.5 | ||
| 520 | _a--- | ||
| 630 | _aरात्र लहान झाली | ||
| 650 | _a--- | ||
| 730 | _aरात्र लहान झाली | ||
| 942 | _cBOOK | ||
| 999 |
_c640323 _d640320 |
||